[Event "Poznan op 28th"]
[Site "Poznan"]
[Date "2021.08.20"]
[Round "7"]
[White "Anand, MP."]
[Black "Jaworski, Mateusz"]
[Result "1-0"]
[WhiteElo "1392"]
[BlackElo "1712"]
[PlyCount "38"]
[EventDate "2021.08.15"]
[EventType "swiss"]
[EventRounds "9"]
[EventCountry "POL"]
[SourceTitle "CBM 203 Extra"]
[Source "ChessBase"]
[SourceDate "2021.09.30"]
[SourceVersion "1"]
[SourceVersionDate "2021.09.30"]
[SourceQuality "1"]

1. e4 c5 2. Nf3 d6 3. Bb5+ Bd7 4. Bxd7+ Qxd7 5. c3 e6 6. 0-0 Nc6 7. d4 cxd4 8. cxd4 d5 9. exd5 exd5 10. Re1+ Be7 11. Nc3 a6 12. Bf4 b5 13. Ne5 Nxe5 14. Rxe5 Nf6 15. Qe2 Kf8 16. Qf3 Rd8 17. Bg5 Bd6 18. Bxf6 Bxe5 19. Bxd8 Ke8 1-0

[Event "Poznan op 28th"]
[Site "Poznan"]
[Date "2021.08.19"]
[Round "6"]
[White "Jaworski, Mateusz"]
[Black "Skrzypczak, Jakub"]
[Result "1-0"]
[WhiteElo "1712"]
[BlackElo "1350"]
[PlyCount "159"]
[EventDate "2021.08.15"]
[EventType "swiss"]
[EventRounds "9"]
[EventCountry "POL"]
[SourceTitle "CBM 203 Extra"]
[Source "ChessBase"]
[SourceDate "2021.09.30"]
[SourceVersion "1"]
[SourceVersionDate "2021.09.30"]
[SourceQuality "1"]

1. e4 c6 2. d4 d5 3. e5 Bf5 4. Be3 e6 5. Nd2 Nd7 6. Be2 c5 7. c3 cxd4 8. cxd4 Bb4 9. Ngf3 Ne7 10. 0-0 0-0 11. Rc1 Ba5 12. Nh4 Rc8 13. Bg5 f6 14. exf6 Nxf6 15. Nxf5 Nxf5 16. Nf3 Bb6 17. g4 Rxc1 18. Bxc1 Nxg4 19. Ng5 Nge3 20. Nxe6 Nxd1 21. Nxd8 Rxd8 22. Rxd1 Nxd4 23. Bg4 Kf7 24. Rd3 Nc6 25. Rf3+ Ke8 26. Rh3 Rd6 27. Kf1 Rf6 28. f4 Ne5 29. Bc8 Rf7 30. Bd2 Nc4 31. Bc1 Re7 32. Rxh7 Be3 33. Bxe3 Nxe3+ 34. Kg1 Rf7 35. Kf2 d4 36. Kf3 Nc2 37. Be6 Rc7 38. Ke4 a5 39. f5 Kd8 40. h4 Re7 41. Rh8+ Re8 42. Rh7 Re7 43. h5 b5 44. Kd3 Ne1+ 45. Kxd4 Nf3+ 46. Kc5 Ng5 47. Rh8+ Kc7 48. Kxb5 Nxe6 49. fxe6 Rxe6 50. Kxa5 Re2 51. Rh7 Rxb2 52. Rxg7+ Kc6 53. a3 Rh2 54. Rg6+ Kc5 55. h6 Rh1 56. Ka4 Kc4 57. Rc6+ Kd5 58. Rb6 Kc5 59. Ka5 Rh3 60. a4 Rh4 61. Rb5+ Kc6 62. Rb6+ Kc5 63. Rg6 Rh5 64. Ka6 Kb4 65. Rb6+ Kxa4 66. Kb7 Ka5 67. Kc7 Rh1 68. Rd6 Kb5 69. Kd7 Kc5 70. Ke7 Rh2 71. Re6 Kd5 72. Kf7 Rh1 73. Rf6 Ke5 74. Kg7 Rh2 75. Rg6 Ra2 76. h7 Ra7+ 77. Kh6 Ra8 78. Rg8 Ra6+ 79. Kg5 Rg6+ 80. Rxg6 1-0

[Event "Poznan op 27th"]
[Site "Poznan"]
[Date "2019.08.21"]
[Round "5"]
[White "Jaworski, Mateusz"]
[Black "Nowak, Rafal"]
[Result "0-1"]
[WhiteElo "1769"]
[BlackElo "2016"]
[PlyCount "70"]
[EventDate "2019.08.18"]
[EventType "swiss"]
[EventRounds "9"]
[EventCountry "POL"]
[SourceTitle "EXT 2020"]
[Source "ChessBase"]
[SourceDate "2019.10.17"]
[SourceVersion "1"]
[SourceVersionDate "2019.10.17"]
[SourceQuality "1"]

1. e4 c5 2. Nf3 e6 3. d4 cxd4 4. Nxd4 Nc6 5. Nc3 Qc7 6. Be3 a6 7. Qd2 Nf6 8. f3 Be7 9. 0-0-0 h5 10. Nb3 d6 11. Be2 b5 12. a3 Bb7 13. f4 Rc8 14. Bf3 Ng4 15. Bg1 b4 16. axb4 Nxb4 17. Kb1 Bc6 18. Bxg4 hxg4 19. Qd4 a5 20. Qxg7 Rf8 21. Qd4 f5 22. Re1 fxe4 23. Nxe4 Nxc2 24. Nxd6+ Bxd6 25. Rxe6+ Be7 26. Qc5 Bxg2 27. Rxe7+ Qxe7 28. Qxc8+ Kf7 29. Qf5+ Qf6 30. Qd7+ Kg8 31. Qxg4+ Qg7 32. Qxg7+ Kxg7 33. Kxc2 Bxh1 34. Bd4+ Kf7 35. Be5 a4 0-1

[Event "Poznan op 27th"]
[Site "Poznan"]
[Date "2019.08.18"]
[Round "2"]
[White "Czyz, Andrzej"]
[Black "Jaworski, Mateusz"]
[Result "0-1"]
[WhiteElo "2000"]
[BlackElo "1769"]
[PlyCount "128"]
[EventDate "2019.08.18"]
[EventType "swiss"]
[EventRounds "9"]
[EventCountry "POL"]
[SourceTitle "EXT 2020"]
[Source "ChessBase"]
[SourceDate "2019.10.17"]
[SourceVersion "1"]
[SourceVersionDate "2019.10.17"]
[SourceQuality "1"]

1. b4 e6 2. a3 Nf6 3. Bb2 d5 4. e3 c5 5. b5 Be7 6. Nf3 0-0 7. c4 dxc4 8. Bxc4 b6 9. 0-0 Bb7 10. d4 Nbd7 11. Nbd2 cxd4 12. exd4 Nd5 13. Re1 N7f6 14. g3 Rc8 15. Qb3 Rc7 16. Ne5 Bd6 17. Rac1 Bxe5 18. dxe5 Nd7 19. Ne4 Nc5 20. Nxc5 bxc5 21. Rcd1 Qg5 22. Bc1 Qh5 23. f3 Nb6 24. g4 Qh3 25. Be2 c4 26. Qe3 Nd5 27. Qf2 Nc3 28. Rd2 Nxe2+ 29. Rexe2 Bxf3 30. Re3 Qxg4+ 31. Qg3 Qxg3+ 32. hxg3 Bd5 33. Rc3 Rb8 34. a4 a6 35. Ba3 Rcc8 36. Bd6 Rb6 37. Rb2 axb5 38. axb5 f6 39. Kf2 fxe5 40. Bxe5 Rc5 41. Ra2 Rcxb5 42. Ra7 Rb7 43. Ra8+ Kf7 44. Rh8 h6 45. Ke3 Rb1 46. Kd4 Re1 47. Bf4 Re4+ 48. Kc5 Rb3 49. Rc2 c3 50. Rh2 Rb2 51. Rh3 c2 52. Bxh6 Rc4+ 53. Kd6 Rb6+ 54. Kd7 c1Q 55. Bxc1 Rxc1 56. g4 Rcc6 57. R8h5 Rb7+ 58. Kd8 Ra6 59. Rc3 Bc6 60. Rxc6 Rxc6 61. g5 Rbc7 62. g6+ Kxg6 63. Re5 Kf6 64. Re1 Rf7 0-1

[Event "Poznan op 23rd"]
[Site "Poznan"]
[Date "2015.08.16"]
[Round "8"]
[White "Szymenderski, Michal"]
[Black "Jaworski, Mateusz"]
[Result "0-1"]
[WhiteElo "1464"]
[BlackElo "1766"]
[PlyCount "144"]
[EventDate "2015.08.10"]
[EventType "swiss"]
[EventRounds "9"]
[EventCountry "POL"]
[SourceTitle "CBM 167 Extra"]
[Source "ChessBase"]
[SourceDate "2015.09.14"]
[SourceVersion "1"]
[SourceVersionDate "2015.09.14"]
[SourceQuality "1"]

1. e4 c6 2. Nc3 d5 3. exd5 cxd5 4. d4 Nf6 5. Bf4 a6 6. Nf3 Bg4 7. Be2 Nc6 8. Be3 Qc7 9. 0-0 e6 10. h3 Bh5 11. Nh4 Bxe2 12. Qxe2 Be7 13. Nf3 0-0 14. a3 Nd7 15. Ng5 Bxg5 16. Bxg5 Nxd4 17. Qg4 Nc6 18. Rfe1 Kh8 19. Qh4 Rac8 20. Re2 Qb6 21. Na4 Qd4 22. Nc3 Qxh4 23. Bxh4 Na5 24. Nd1 Nc6 25. c3 Na5 26. Ne3 Nb6 27. Ng4 Nbc4 28. Rae1 h6 29. f4 Rc6 30. Rf1 Re8 31. f5 f6 32. Nh2 e5 33. Nf3 Nb3 34. Bf2 Rd8 35. Nh4 Kg8 36. Ng6 Kf7 37. Rd1 Rcd6 38. Kh2 b5 39. Kg1 Nb6 40. Bxb6 Rxb6 41. Nh4 Rc6 42. g3 Rcd6 43. Nf3 Nc5 44. Kg2 Nb3 45. Kh2 Na5 46. Kg2 Nc6 47. g4 Ne7 48. Nh4 d4 49. cxd4 Rxd4 50. Rxd4 Rxd4 51. Nf3 Rc4 52. Rd2 h5 53. Kg3 hxg4 54. hxg4 e4 55. Ng1 Ke8 56. Rd6 a5 57. Ne2 b4 58. axb4 axb4 59. Nf4 Nc6 60. Ng6 Nd4 61. Ra6 e3 62. Ra8+ Kd7 63. Ra7+ Kd6 64. Rxg7 e2 65. Re7 Rc1 66. Re8 e1Q+ 67. Rxe1 Rxe1 68. Kf4 Rh1 69. g5 fxg5+ 70. Kxg5 Rg1+ 71. Kf4 Rf1+ 72. Kg5 Rxf5+ 0-1

[Event "Poznan op 23rd"]
[Site "Poznan"]
[Date "2015.08.15"]
[Round "6"]
[White "Wegrzyniak, Pawel"]
[Black "Jaworski, Mateusz"]
[Result "1-0"]
[WhiteElo "1583"]
[BlackElo "1766"]
[PlyCount "57"]
[EventDate "2015.08.10"]
[EventType "swiss"]
[EventRounds "9"]
[EventCountry "POL"]
[SourceTitle "CBM 167 Extra"]
[Source "ChessBase"]
[SourceDate "2015.09.14"]
[SourceVersion "1"]
[SourceVersionDate "2015.09.14"]
[SourceQuality "1"]

1. e4 c5 2. Nf3 Nc6 3. d4 cxd4 4. Nxd4 Nf6 5. Nc3 e5 6. Ndb5 d6 7. Bg5 a6 8. Na3 b5 9. Nd5 Be7 10. Bxf6 Bxf6 11. c3 Bg5 12. Nc2 0-0 13. h4 Bh6 14. Nce3 Bxe3 15. Nxe3 Ne7 16. g3 Kh8 17. Bg2 Be6 18. 0-0 Ra7 19. Qe2 g6 20. a4 bxa4 21. Rxa4 a5 22. Rfa1 Qc7 23. Qd2 Rfa8 24. f4 Rc8 25. R4a3 Kg7 26. f5 Bc4 27. Nxc4 Qxc4 28. f6+ Kxf6 29. Qf2+ 1-0

[Event "Poznan op 23rd"]
[Site "Poznan"]
[Date "2015.08.14"]
[Round "5"]
[White "Jaworski, Mateusz"]
[Black "Orzechowski, Jacek"]
[Result "0-1"]
[WhiteElo "1766"]
[BlackElo "2238"]
[PlyCount "84"]
[EventDate "2015.08.10"]
[EventType "swiss"]
[EventRounds "9"]
[EventCountry "POL"]
[SourceTitle "CBM 167 Extra"]
[Source "ChessBase"]
[SourceDate "2015.09.14"]
[SourceVersion "1"]
[SourceVersionDate "2015.09.14"]
[SourceQuality "1"]

1. e4 e6 2. d4 d5 3. Nd2 Nc6 4. Ngf3 Nf6 5. e5 Nd7 6. Be2 f6 7. exf6 Qxf6 8. Nf1 Bd6 9. Ne3 0-0 10. 0-0 Qg6 11. c4 dxc4 12. Nxc4 Nb6 13. Nce5 Nxe5 14. dxe5 Bc5 15. Ng5 h6 16. Bd3 Qe8 17. Ne4 Be7 18. Qg4 h5 19. Qg3 Bd7 20. Nc3 h4 21. Qg4 Rf5 22. Bxf5 exf5 23. Qe2 Bc6 24. f4 h3 25. g3 Bb4 26. Rd1 Bxc3 27. bxc3 Bb5 28. Qf3 Bc6 29. Qf1 Bg2 30. Qd3 Be4 31. Qd4 Qh5 32. Rf1 c5 33. Qf2 Rd8 34. Be3 Rd3 35. Rae1 Nc4 36. Re2 Rxc3 37. Rfe1 b6 38. Rd2 Nxd2 39. Bxd2 Rf3 40. Qe2 Bd3 41. Qd1 Qg4 42. Re3 Rxg3+ 0-1